An enemy called average: (Record no. 12680)

000 -LEADER
fixed length control field 00744nam a2200205 a 4500
001 - CONTROL NUMBER
control field :::00010494$&:&@@
003 - CONTROL NUMBER IDENTIFIER
control field OkBaRHE
005 - DATE AND TIME OF LATEST TRANSACTION
control field 20110303131405.0
008 - FIXED-LENGTH DATA ELEMENTS--GENERAL INFORMATION
fixed length control field s1993 j 000 0 eng u
040 ## - CATALOGING SOURCE
Transcribing agency
100 1# - MAIN ENTRY--PERSONAL NAME
Personal name Mason, John L.
245 13 - TITLE STATEMENT
Title An enemy called average:
Remainder of title 100 inspirational nuggets for your personal Success.
260 ## - PUBLICATION, DISTRIBUTION, ETC. (IMPRINT)
Place of publication, distribution, etc Tulsa, OK.,
Name of publisher, distributor, etc Honor Books
Date of publication, distribution, etc 1993
300 ## - PHYSICAL DESCRIPTION
Extent 225 p. ;
Dimensions c23 cm.
650 ## - SUBJECT ADDED ENTRY--TOPICAL TERM
Topical term or geographic name as entry element Christian Living
650 ## - SUBJECT ADDED ENTRY--TOPICAL TERM
Topical term or geographic name as entry element Success
942 ## - ADDED ENTRY ELEMENTS (KOHA)
Source of classification or shelving scheme
Koha item type Books
Copies
Date checked out Total Checkouts Withdrawn status Koha item type Price effective from Date last seen Lost status Barcode Current Location Shelving location Permanent Location Source of classification or shelving scheme Full call number Not for loan Damaged status Total Renewals Copy number Date acquired
   Books2010-04-142010-04-14 18443 General StacksRHEMA Bible Training College BV 4501 .M3   22010-04-14
2011-02-102 Books2010-04-142011-03-03 10494RHEMA Bible Training CollegeGeneral StacksRHEMA Bible Training College BV 4501 .M3  112010-04-14